| 000 | 00900nam a22002777a 4500 | ||
|---|---|---|---|
| 003 | DO-SdBPM | ||
| 005 | 20250320102625.0 | ||
| 008 | 161202b 2005 sp a 00| 0 spa d | ||
| 020 | _a9788496412606 | ||
| 040 |
_a DO-SdBPM _bspa _cBPMSU |
||
| 082 | 4 |
_a833.7 _bG864bl 2005 _222 |
|
| 100 | 1 |
_a Grimm, Jacob Ludwig Karl _d1785-1863. |
|
| 245 | 1 | 0 |
_aBlancanieves / _cJacob Grimm, Wilhelm Grimm ; ilustración Gerardo Baró |
| 260 |
_aMadrid : _b El País, _c2005. |
||
| 300 |
_a45 p. : _bil., _c20 cm. |
||
| 490 | 0 |
_aCuentos infantiles, _v6 |
|
| 590 | _aInventariado, 2025/VM | ||
| 650 | 4 |
_aCuentos infantiles alemanes. _2 |
|
| 650 | 4 | _aCuentos de hadas infantiles. | |
| 650 | 4 | _aLibros ilustrados para niños | |
| 700 | 1 | _aGrimm, Wilhelm | |
| 700 | 1 |
_aBaró, Gerardo, _eilustración |
|
| 700 | 1 |
_aFonseca Leal, Mireya, _eeditor |
|
| 910 | _aVMateo V. Control de calidad. BPMSU | ||
| 942 |
_2ddc _cBK |
||
| 999 |
_c12202 _d12202 |
||